| 000 -CABECERA |
| campo de control de longitud fija |
01647nam a2200385 u 4500 |
| 001 - NÚMERO DE CONTROL |
| campo de control |
000044672 |
| 005 - FECHA Y HORA DE LA ÚLTIMA TRANSACCIÓN |
| campo de control |
20200120222429.0 |
| 008 - DATOS DE LONGITUD FIJA--INFORMACIÓN GENERAL |
| campo de control de longitud fija |
110303s2003 cau r 000 0 spa d |
| 020 ## - NÚMERO INTERNACIONAL ESTÁNDAR DEL LIBRO |
| Número Internacional Estándar del Libro |
9789580471509 |
| 041 0# - CÓDIGO DE LENGUA |
| Código de lengua del texto/banda sonora o título independiente |
spa |
| 043 ## - CÓDIGO DE ÁREA GEOGRÁFICA |
| Código de área geográfica |
s-ck--- |
| 082 04 - NÚMERO DE LA CLASIFICACIÓN DECIMAL DEWEY |
| Número de clasificación |
AN |
| Número de documento/Ítem |
DOSn 2003 |
| Número de edición |
21 |
| 100 1# - ENTRADA PRINCIPAL--NOMBRE DE PERSONA |
| Nombre de persona |
Dostoievski, Fedor |
| 245 10 - MENCIÓN DE TÍTULO |
| Título |
Noches blancas / |
| Mención de responsabilidad, etc. |
Fedor Dostoievski ; Traducción : Francisco Montaña ; Coordinación : Ana Cristina Robledo Chee-Chong ; Diseño: Catalina Mojica González ; Ilustración : Andrés Guerrero ; Edición : Iván Hernández Arbeláez. |
| 250 ## - MENCIÓN DE EDICIÓN |
| Mención de edición |
2a. ed. |
| 260 ## - PUBLICACIÓN, DISTRIBUCIÓN, ETC. |
| Lugar de publicación, distribución, etc. |
Bogotá : |
| Nombre del editor, distribuidor, etc. |
Norma, |
| Fecha de publicación, distribución, etc. |
2003. |
| 300 ## - DESCRIPCIÓN FÍSICA |
| Extensión |
86 p. |
| 490 #0 - MENCIÓN DE SERIE |
| Mención de serie |
Cara y cruz |
| 500 ## - NOTA GENERAL |
| Nota general |
Ej. 1, 2 y 3 Biblioteca Ceic Ciudadela : Plan Lector 2011. Ej. 1 y 2 Biblioteca Ceic Norte: Plan Lector 2011. Ej.1, 2, 3 Biblioteca Ceic Chicalá: Plan Lector 2011. |
| 500 ## - NOTA GENERAL |
| Nota general |
En cada ejemplar se presentan dos libros distintos y complementarios: la sección cara corresponde a noches blancas y la sección cruz corresponde a vida y obra de Fedor Dostoievski. |
| 504 ## - NOTA DE BIBLIOGRAFÍA, ETC. |
| Nota de bibliografía, etc. |
Incluye índice y cronología |
| 600 17 - PUNTO DE ACCESO ADICIONAL DE MATERIA--NOMBRE DE PERSONA |
| Nombre de persona |
Dostoievski, Fedor |
| Fechas asociadas al nombre |
1821-1881 |
| Subdivisión geográfica |
Moscú |
| 600 17 - PUNTO DE ACCESO ADICIONAL DE MATERIA--NOMBRE DE PERSONA |
| Nombre de persona |
Dostoievski, Fedor |
| Fechas asociadas al nombre |
1821-1881 |
| Subdivisión general |
Vida y obra |
| 650 17 - PUNTO DE ACCESO ADICIONAL DE MATERIA--TÉRMINO DE MATERIA |
| Término de materia o nombre geográfico como elemento de entrada |
Novela rusa |
| 650 27 - PUNTO DE ACCESO ADICIONAL DE MATERIA--TÉRMINO DE MATERIA |
| Término de materia o nombre geográfico como elemento de entrada |
Literatura rusa |
| 650 27 - PUNTO DE ACCESO ADICIONAL DE MATERIA--TÉRMINO DE MATERIA |
| Término de materia o nombre geográfico como elemento de entrada |
Novelistas rusos |
| 650 27 - PUNTO DE ACCESO ADICIONAL DE MATERIA--TÉRMINO DE MATERIA |
| Término de materia o nombre geográfico como elemento de entrada |
Novela amorosa |
| 650 27 - PUNTO DE ACCESO ADICIONAL DE MATERIA--TÉRMINO DE MATERIA |
| Término de materia o nombre geográfico como elemento de entrada |
Novela rusa |
| Subdivisión general |
Crítica e interpretación |
| 650 27 - PUNTO DE ACCESO ADICIONAL DE MATERIA--TÉRMINO DE MATERIA |
| Término de materia o nombre geográfico como elemento de entrada |
Ensayos |
| 700 1# - PUNTO DE ACCESO ADICIONAL--NOMBRE DE PERSONA |
| Nombre de persona |
Montaña, Francisco, |
| Término indicativo de función/relación |
tr. |
| 700 1# - PUNTO DE ACCESO ADICIONAL--NOMBRE DE PERSONA |
| Nombre de persona |
Robledo Chee-Chong, Ana Cristina, |
| Término indicativo de función/relación |
coor. |
| 700 1# - PUNTO DE ACCESO ADICIONAL--NOMBRE DE PERSONA |
| Nombre de persona |
Mojica González, Catalina, |
| Término indicativo de función/relación |
dise. |
| 700 1# - PUNTO DE ACCESO ADICIONAL--NOMBRE DE PERSONA |
| Nombre de persona |
Guerrero, Andrés, |
| Término indicativo de función/relación |
il. |
| 700 1# - PUNTO DE ACCESO ADICIONAL--NOMBRE DE PERSONA |
| Nombre de persona |
Hernández Arbeláez, Iván, |
| Término indicativo de función/relación |
ed. |